000
00298nam a2200121Ia 4500
008
231129s1979||||xx |||||||||||||| ||spa||
082
_a
294.5924 R875b
100
_a
Roviralta Borrel J.
245
0
_a
El Bhagavad Gita : el canto del senor
260
_c
1979
264
_a
Diana
942
_2
ddc
_c
BKS
999
_c
10363
_d
10363